008980000a22002650004500003001100000005001700011008004100028020001500069040003900084041000800123082001800131100001800149245003000167250001200197260009500209300002000304505003700324520003500361650001000396650004500406856006600451942000700517952009300524999001500617LK-CoMWRAF20231226125309.0230817t1987 ||||| |||| 00| 0 eng d a0195616782 aLK-CoMWRAFdLK-CoMWRAFeLK-CoMWRAF aeng a392.5095bSRI aSrinivas, M.N aSome reflections on dowry a2nd ed. aNew Delhi:bOxford University Press for the Centre for Women's Development Studies, c1984 a 32 p. ; 23 cm. aJ.P. Naik Memorial lecture, 1983 aStudy of the practice in India aDOWRY aIndia (Republic)- Marriage customs-Dowry uhttp://www.womenstudies.in/elib/dowry/dw_some_reflections.pdf cBK 00104070aMAINbMAINd2023-08-17l0o392.5095 SRIpRAF3933r2023-08-17w2023-08-17yBK c3176d3176